Normal view MARC view

Entry Personal Name

Number of records used in: 2

001 - CONTROL NUMBER

  • control field: 1236791

003 - CONTROL NUMBER IDENTIFIER

  • control field: OSt

005 - DATE AND TIME OF LATEST TRANSACTION

  • control field: 20260430150214.0

008 - FIXED-LENGTH DATA ELEMENTS

  • fixed length control field: 260430|| aca||aabn | a|a d

040 ## - CATALOGING SOURCE

  • Original cataloging agency: OSt
  • Transcribing agency: OSt

100 ## - HEADING--PERSONAL NAME

  • Personal name: University of Delhi. Faculty of Science. Depatment of Home Science

670 ## - SOURCE DATA FOUND

  • Source citation: Work cat.: (OSt)1849213: Singh Hema Au.; Goomer Sangeeta Gu. 1236790, Arsenic Concentration in Rice(Oryza Satiya) and its fractions produced in trans indo-Ganetic Plain of India, its Soruce and Effect of Cooking, 2021
Copyright @ Delhi University Library System